| 000 | 01249cam a2200361 a 4500 | ||
|---|---|---|---|
| 001 | 13007038 | ||
| 003 | OSt | ||
| 005 | 20240213125232.0 | ||
| 008 | 021120s2002 at a d 000 0 chi d | ||
| 010 | _a 2002489494 | ||
| 020 | _a1876907193 | ||
| 020 | _a9781876907198 | ||
| 035 | _a000022762894 | ||
| 040 |
_aANL _beng _cNSL _dANL _dDLC |
||
| 041 | 0 | _achieng | |
| 042 | _alccopycat | ||
| 043 | _aa-cc--- | ||
| 050 | 0 | 0 |
_aNA1540 _b.G86 2002 |
| 082 |
_a720.95103 _bGUO |
||
| 100 | 1 |
_aGuo, Qinghua. _9120332 |
|
| 245 | 1 | 0 |
_aA visual dictionary of Chinese architecture / _cQinghua Guo. |
| 246 | 3 | 1 | _aVisual dictionary of Chinese architecture |
| 260 |
_aMulgrave, Vic., Australia : _bImages Pub., _c2002. |
||
| 300 |
_a160 p. : _bill. ; _c24 cm. |
||
| 546 | _aText in Chinese and English. | ||
| 650 | 0 |
_aVernacular architecture _zChina _vDictionaries _xChinese. _9120333 |
|
| 650 | 0 |
_aChinese language _vDictionaries _xEnglish. _9120334 |
|
| 906 |
_a7 _bcbc _ccopycat _d3 _encip _f20 _gy-gencatlg |
||
| 942 |
_2ddc _cBK |
||
| 987 |
_aPINYIN _bDLC _c20030124 |
||
| 999 |
_c607685 _d607685 |
||